000 00293nam a2200121 a 4500
005 20140414132032.0
008 101021s19uu xx 00 eng d
050 _aTR
_bST7 2003
100 _aMuth, Jon
245 _aStone soup.
260 _aNew York :
_bScholastic ,
_c2003.
999 _c113644
_d113644